000 01564nam0a2200325 4500
001 RU\NLR\bibl\68045
005 20260407114005.0
010 _a5-88465-208-9
_9100
021 _aRU
_b1999-41285
_92035
035 _a(NLR Aleph) 000066380
090 _a364039
_c364039
100 _a20000201d1999 |||y0rusy50 ca
101 0 _arus
102 _aRU
105 _ay |||||||||
200 1 _aАктуальные проблемы современной экономики
_eМатериалы докл. Межрегион. науч.-практ. конф., 8 окт. 1999 г.
_f[Редкол.: С.Г. Симонов, д.с.н., проф., А.Г. Дурцева, доц.]
210 _aТюмень
_cТюмГНГУ
_d1999
215 _a85,[2] с.
_d20
300 _aВ надзаг.: М-во общ. и проф. образования Рос. Федерации, Тюм. гос. нефтегазовый ун-т
320 _aБиблиогр. в подстроч. примеч.
606 0 _aЭкономика
_jСъезды, совещания и т.п.
_91414491
_3RU\NLR\auth\66284709
686 _aУ.я431
702 1 _4340
_8rus
_7ca
_aСимонов
_bС. Г.
_cд-р социол. наук
_gСергей Геннадьевич
_3RU\NLR\auth\7792365
_975292
712 0 2 _4570
_aТюменский государственный нефтегазовый университет
_3RU\NLR\AUTH\889945858
_9387171
801 0 _aRU
_bNLR
_c20000201
_gPSBO
801 1 _aRU
_bNLR
_c20000201
852 _aNLR
_j99-4/9128
942 _cBOOK
980 _aNB